Riddle Me This - Statistics

General Stats
  • This quiz has been taken 253 times
    34 since last reset
  • The average score is 8 of 16
Answer Stats
Hint Answer % Correct
What is seen in the middle of March and April that can’t be seen at the beginning or end of either month? The Letter R
81%
First, think of the color of the clouds. Next, think of the color of snow. Now, think of the color of a bright full moon. Now answer what do cows drink? Water
81%
This belongs to you, but everyone else uses it. Your name
78%
Which word in the dictionary is always spelled incorrectly? Incorrectly
74%
What comes once in a minute, twice in a moment, but never in a thousand years? The Letter M
74%
How many letters are in the alphabet? 11
70%
What disappears as soon as you say its name? Silence
70%
I have cities, but no houses. I have mountains, but no trees. I have water, but no fish. What am I? Map
48%
I'm tall when I'm young, I'm short when I'm old. Candle
41%
What can you hold in your right hand, but never in your left hand? Your left hand
41%
The first two letters signify a male, the first three letters signify a female, the first four letters signify a great, while the entire world signifies a great woman. What is the word? Heroine
33%
What is stronger than steel but can’t handle the sun? Ice
33%
Three different doctors said that Paul is their brother yet Paul claims he has no brothers. Who is lying? Nobody
26%
A girl has as many brothers as sisters, but each brother has only half as many brothers as sisters. How many brothers and sisters are there in the family? 4 Sisters, 3 Brothers
15%
Who can finish a book without finishing a sentence? A prisoner
15%
What connects two people, but touches only one? A wedding ring
7%
No matching quizzes found
Score Distribution
Percent of People with Each Score
Percentile by Number Answered
Your Score History
You have not taken this quiz since the last reset